000 00632nam a2200229Ia 4500
003 OSt
005 20220924122107.0
006 a|||||r|||| 00| 0
007 ta
008 220923b |||||||| |||| 00| 0 urd d
024 _a316285
037 _cTextual
040 _aARTS
_cARTS
_burd
041 _2urd
_aurd
082 _aO168,1NWAx, K4
100 _aDehalvi Jameel Khan Wafa
_9188265
245 0 _aNaqsh-e-wafa
260 _aLahore
_bDawakhana Hakeem Ajmal Pakistan
_c1964
650 _aURDU POETRY
942 _hO168,1NWAx, K4
_cTEXL
_2CC
999 _c410207
_d410207